|
|
|
|
| LEADER |
01183naa a2200217 i 4500 |
| 001 |
acta45718 |
| 005 |
20230606133357.0 |
| 008 |
170619s1973 hu o 1|| hun d |
| 040 |
|
|
|a SZTE Egyetemi Kiadványok Repozitórium
|b hun
|
| 041 |
|
|
|a hun
|
| 100 |
1 |
|
|a Gaál Aladár
|
| 245 |
1 |
2 |
|a A kórházi adatfeldolgozás néhány matematikai, illetve számítógépes problémája
|h [elektronikus dokumentum] /
|c Gaál Aladár
|
| 260 |
|
|
|c 1973
|
| 300 |
|
|
|a 257-266
|
| 490 |
0 |
|
|a Számítástechnikai és kibernetikai módszerek alkalmazása az orvostudományban és a biológiában
|v 3
|
| 650 |
|
4 |
|a Természettudományok
|
| 650 |
|
4 |
|a Matematika
|
| 650 |
|
4 |
|a Számítás- és információtudomány
|
| 695 |
|
|
|a Számítógép alkalmazása - adatfeldolgozás, Informatika - orvosi, Számítógép alkalmazása - orvostudomány, Matematikai modell, Analízis - matematikai, Korreláció, Matematikai statisztika - számítógép alkalmazása
|
| 711 |
|
|
|a Számítástechnikai és kibernetikai módszerek alkalmazása az orvostudományban és a biológiában
|c Szeged
|d 1972. december 4-6.
|
| 856 |
4 |
0 |
|u http://acta.bibl.u-szeged.hu/45718/1/szamtech_orvost_koll_003_257-266.pdf
|z Dokumentum-elérés
|